000 00259nam a2200121Ia 4500
008 190216s9999||||xx |||||||||||||| ||und||
100 _aNull
245 0 _aHindi-Gadhya Surabi
260 _bAjith Book Center
300 _a91
650 _aHindi
942 _cBK
999 _c15950
_d15950